Pronto, commissario ... ? 1

Uloženo v:
Podrobná bibliografie
Hlavní autor: Sarro, Marretta
Médium: Kniha
Jazyk:Undetermined
Vydáno: Roma, Italia Bonacci 1996
Témata:
Tagy: Přidat tag
Žádné tagy, Buďte první, kdo vytvoří štítek k tomuto záznamu!

MARC

LEADER 00000nam a2200000Ia 4500
008 170316s9999 xx 000 0 und d
090 |a 415-It M-1p v.1 
100 |a Sarro, Marretta 
245 |a Pronto, commissario ... ? 1 
260 |a Roma, Italia 
260 |b Bonacci 
260 |c 1996 
300 |a 57 páginas 
650 |a GRAMÁTICA ITALIANA 
650 |a EN IDIOMA ITALIANO 
999 |c 19595  |d 19595 
040 |a cru BVZT 
942 |c 15 D  |h 415-It M-1p v.1  |2 z